01148nam a2200337 c 450000100060000000300100000600500170001600700030003300800410003602000180007704000350009504100080013008200200013810000300015824500900018825000240027826400480030230000350035033600270038533700330041233800280044549000340047350400410050752100410054854500600058965000290064965000300067865000230070865000320073170000470076358303CO-BoRNBP20250821161239.0ta210826s2009 ck a er 000 0dspa d a9789586486033 aCO-BoRNBPbspaerdacCO-BoRNBP0 aspa04a155.4bA48e222 aAlvarez H, Franciscoeaut10aEstimulación temprana /cFrancisco Álvarez Heredia, Benjamín Álvarez Heredia. aSéptima edición 1aBogotá, Colombia :bEcoe Ediciones,c2009 a218 páginas :bilustraciones atextobtxt2rdacontent asin mediaciónbn2rdamedia avolumenbnc2rdacarrier0 aCiencias humanas. Sicología aIncluye referencias bibliográficas aRecomendado para un público adulto aIncluye datos biográficos de los autores en la solapa07aCuidado del niño2lemb07aDesarrollo infantil2LEMB07aInteligencia2lemb07aPsicología infantil2LEMB aÁlvarez Heredia, Benjamín,d1942-eaut